Taylor Swift songs by letter - W - Statistics

General Stats
  • This quiz has been taken 36 times
    4 since last reset
  • The average score is 9 of 12
Answer Stats
Answer % Correct
We Are Never Ever Getting Back Together
100%
We Were Happy
100%
Who's Afraid Of Little Old Me?
100%
Wildest Dreams
100%
Would've, Could've, Should've
100%
Welcome To New York
67%
White Horse
67%
willow
67%
Wonderland
67%
Wood
67%
When Emma Falls In Love
33%
Wi$h Li$t
33%
No matching quizzes found
Score Distribution
Percent of People with Each Score
Percentile by Number Answered
Your Score History
You have not taken this quiz since the last reset